[Event "Challenge"]
[Site "http://www.queenalice.com/game.php?id=324934"]
[Date "2007.12.23"]
[Round "-"]
[White "dechian"]
[Black "adilsinho"]
[Result "1-0"]
[WhiteElo "1341"]
[BlackElo "1390"]

1. e4 e5 2. Qh5 Nf6 3. Qxe5+ Be7 4. Nc3 Nc6 5. Qg5 g6 6. Qf4 d6 7. Bc4 Ne5 8.
Bb3 Nc6 9. Nd5 Nh5 10. Qe3 Bf6 11. d3 Nd4 12. Ba4+ Bd7 13. Nxf6+ Qxf6 14. Bxd7+
Kxd7 15. Qd2 Nf4 16. f3 Nc6 17. Ne2 Nxg2+ 18. Kf2 Nh4 19. Qh6 Nxf3 20. Nf4 Nb4
21. Kxf3 Nxc2 22. Rb1 Nd4+ 23. Kg2 Qxf4 24. Qxf4 Ne6 25. Qxf7+ Kc6 26. Qxe6 Rae8
27. Qb3 b5 28. Qd5+ Kd7 29. Qxb5+ Ke7 30. Bg5+ Kf8 31. Rbf1+ Kg7 32. Qd7+ 1-0

[Event "Challenge"]
[Site "http://www.queenalice.com/game.php?id=325401"]
[Date "2007.12.24"]
[Round "-"]
[White "chicalleje"]
[Black "adilsinho"]
[Result "1-0"]
[WhiteElo "1626"]
[BlackElo "1384"]

1. e4 e5 2. Nf3 Nc6 3. Bb5 Nd4 4. Nxd4 exd4 5. O-O c6 6. Bc4 Qe7 7. a3 Qxe4 8.
Re1 Qe7 9. Rxe7+ Bxe7 10. Qf3 Nf6 11. d3 d5 12. Ba2 O-O 13. Bg5 Be6 14. Bxf6
Bxf6 15. Nd2 Bg5 16. Nf1 c5 17. Bxd5 Bxd5 18. Qxd5 Rad8 19. Qxb7 Rb8 20. Qxa7
Bf4 21. Qxc5 Rxb2 22. Qxd4 Bg5 23. Qxb2 h5 24. Ng3 h4 25. Ne4 Be7 26. Qe5 Re8
27. Qh5 Rc8 28. Ng5 Rf8 29. Qh7# 1-0

[Event "adilsinho"]
[Site "http://www.queenalice.com/game.php?id=326207"]
[Date "2007.12.26"]
[Round "-"]
[White "foda"]
[Black "adilsinho"]
[Result "0-1"]
[WhiteElo "1475"]
[BlackElo "1500"]

1. e4 e5 2. Bc4 Nf6 3. Qf3 Nc6 4. d3 d6 5. Bg5 h6 6. Bxf6 Qxf6 7. Bb5 Bd7 8. d4
a6 9. Bxc6 Bxc6 10. Qb3 Rb8 11. d5 Bd7 12. Nf3 Qf4 13. g3 Qxe4+ 14. Kd1 b5 15.
Re1 Qf5 16. Nh4 Qxf2 17. Qe3 Qf6 18. Qa7 Bg4+ 19. Re2 Qf1+ 20. Kd2 Qxe2+ 21. Kc3
Qc4+ 22. Kd2 Qe2+ 23. Kc3 Qc4+ 24. Kd2 Qxd5+ 25. Kc3 b4# 0-1

[Event "Challenge"]
[Site "http://www.queenalice.com/game.php?id=329757"]
[Date "2008.1.2"]
[Round "-"]
[White "adilsinho"]
[Black "anderson"]
[Result "0-1"]
[WhiteElo "1358"]
[BlackElo "1809"]

1. d4 d5 2. Nc3 Nf6 3. Bg5 e6 4. Nf3 Nc6 5. Ne5 Be7 6. Qd2 Bd7 7. e3 Nxe5 8. f4
Ng6 9. Bxf6 Bxf6 10. e4 Bc6 11. f5 exf5 12. exf5 Ne7 13. O-O-O Nxf5 14. Qe2+ Be7
15. Qg4 Qd7 16. Rd3 O-O-O 17. Rf3 g6 18. Bd3 Nd6 19. Qg3 f5 20. Qe1 Rde8 21. Nd1
Bg5+ 22. Kb1 Rxe1 23. Rxe1 Re8 24. Rfe3 Bxe3 25. Nxe3 f4 26. g3 fxe3 27. a3 Bb5
28. Bxb5 Qxb5 0-1

[Event "Challenge"]
[Site "http://www.queenalice.com/game.php?id=329759"]
[Date "2008.1.2"]
[Round "-"]
[White "adilsinho"]
[Black "bleras"]
[Result "0-1"]
[WhiteElo "1358"]
[BlackElo "1976"]

1. d4 d5 2. Nc3 Nf6 3. Nf3 Nc6 4. Bg5 e6 5. Bxf6 Qxf6 6. Nb5 Bb4+ 7. c3 Ba5 8.
b4 Bb6 9. e3 a6 10. Na3 O-O 11. c4 Nxb4 12. c5 Ba5 13. Qa4 Nc6+ 14. Nd2 Bd7 15.
Qb3 Bxd2+ 16. Kxd2 Qxf2+ 17. Kc1 Na5 18. Qc2 Qxe3+ 19. Qd2 Qxa3+ 20. Kd1 Ba4+
21. Ke1 Nb3 0-1

[Event "Challenge"]
[Site "http://www.queenalice.com/game.php?id=329769"]
[Date "2008.1.2"]
[Round "-"]
[White "chouia"]
[Black "adilsinho"]
[Result "1-0"]
[WhiteElo "1674"]
[BlackElo "1477"]

1. d4 d5 2. Nf3 Bg4 3. e3 Bxf3 4. Qxf3 a6 5. c4 dxc4 6. Bxc4 Nf6 7. O-O Nc6 8.
d5 Ne5 9. Qf4 Qd6 10. e4 c6 11. Bb3 Nd3 12. Qxd6 exd6 13. Nd2 Nf4 14. dxc6 bxc6
15. Re1 Nd3 16. Re2 Ng4 17. Nc4 Be7 18. f3 d5 19. exd5 Nf6 20. d6 Nd5 21. dxe7
Nxe7 22. Bd2 Nf4 23. Bxf4 Rd8 24. Rae1 O-O 25. Rxe7 h5 26. Ne5 c5 27. Nxf7 g6
28. Ng5+ Kh8 29. Be5+ 1-0

[Event "Challenge"]
[Site "http://www.queenalice.com/game.php?id=329905"]
[Date "2008.1.3"]
[Round "-"]
[White "edinholsv"]
[Black "adilsinho"]
[Result "1-0"]
[WhiteElo "1243"]
[BlackElo "1452"]

1. e4 e5 2. Nf3 Nc6 3. Nc3 a6 4. Bc4 Na5 5. Nxe5 Qg5 6. d4 Qxg2 7. Ke2 d6 8.
Nxf7 Bg4+ 9. Ke3 Bxd1 10. Rxd1 Nxc4+ 11. Kd3 Qxf2 12. Kxc4 Qxf7+ 13. Kd3 Nf6 14.
Bg5 Ng4 15. Re1 h6 16. Rf1 Qg6 17. Bf4 O-O-O 18. Rg1 d5 19. h3 Ne5+ 20. Bxe5 Qf7
21. exd5 Qf3+ 22. Kc4 Qxh3 23. Rh1 Qg2 24. Rac1 b5+ 25. Kb3 b4 26. Rhg1 Qf3 27.
Rgf1 Qh3 28. Rf7 bxc3 29. bxc3 Rd7 30. Rf5 Qxf5 31. c4 Qf3+ 32. c3 h5 33. c5
Rxd5 34. Rg1 Qf7 35. Kc4 Rxe5+ 36. Kd3 Qf3+ 37. Kc4 Qd5+ 38. Kd3 Bxc5 39. Kc2
Re2+ 40. Kd1 Rxa2 41. Re1 Qf3+ 42. Kc1 Ra1+ 43. Kd2 Qf2+ 44. Kd3 Rxe1 45. Kc4
Qf5 46. Kb3 a5 47. Kc4 1-0

[Event "AUTO-INT-739"]
[Site "http://www.queenalice.com/game.php?id=330137"]
[Date "2008.1.3"]
[Round "1"]
[White "adilsinho"]
[Black "KAXY"]
[Result "0-1"]
[WhiteElo "1485"]
[BlackElo "1504"]

1. e4 e5 2. Nf3 Nc6 3. Bb5 Bd6 4. Bxc6 dxc6 5. Nc3 Bg4 6. h3 Bxf3 7. Qxf3 Nf6 8.
Qg3 O-O 9. d3 b5 10. Bh6 Nh5 11. Qg4 Qf6 12. Qxh5 Qxh6 13. g4 Qxh5 14. gxh5 Bb4
15. O-O-O Bxc3 16. bxc3 a5 17. Rdg1 h6 18. f4 f6 19. Rg6 c5 20. Rhg1 Rf7 21. Kd2
Re8 22. Rb1 b4 23. cxb4 cxb4 24. Rgg1 c5 25. c3 exf4 26. Rgf1 Re5 27. Rxf4 Rxh5
28. Rf3 g6 29. d4 Rd7 30. Rxf6 Kg7 31. Ra6 cxd4 32. cxb4 axb4 33. Rxb4 Rxh3 34.
e5 d3 35. e6 Rc7 36. Rd4 Rc2+ 0-1

[Event "AUTO-INT-739"]
[Site "http://www.queenalice.com/game.php?id=330138"]
[Date "2008.1.3"]
[Round "1"]
[White "KAXY"]
[Black "adilsinho"]
[Result "1-0"]
[WhiteElo "1480"]
[BlackElo "1688"]

1. d4 d5 2. Nc3 Nf6 3. e3 Nc6 4. Nf3 Bg4 5. Bb5 e6 6. Bxc6+ bxc6 7. h3 Bxf3 8.
Qxf3 Bb4 9. Bd2 Qd6 10. a3 Ba5 11. b4 Bb6 12. O-O O-O 13. Ne2 Ne4 14. Be1 Ng5
15. Qg4 Ne4 16. Nf4 Nf6 17. Qf3 a5 18. c3 e5 19. Nh5 Nxh5 20. Qxh5 g6 21. Qd1 a4
22. Bd2 exd4 23. exd4 f5 24. g3 h5 25. Bf4 Qe7 26. h4 Qe4 27. Re1 Rae8 28. Rxe4
Rxe4 29. f3 Re3 30. Bxe3 Re8 31. Qd2 Re7 32. Bh6 Rf7 33. Qe3 Kh7 34. Qe8 1-0

[Event "AUTO-INT-739"]
[Site "http://www.queenalice.com/game.php?id=330139"]
[Date "2008.1.3"]
[Round "1"]
[White "adilsinho"]
[Black "zoneblitz"]
[Result "0-1"]
[WhiteElo "1358"]
[BlackElo "1856"]

1. d4 d5 2. Nc3 Nf6 3. Bg5 c6 4. e3 Qb6 5. Na4 Qa5+ 6. c3 Nfd7 7. Nf3 b5 8. b4
Qxa4 9. Qxa4 bxa4 10. Bd3 e6 11. Ne5 Nxe5 12. dxe5 Nd7 13. b5 Nxe5 14. Be2 cxb5
15. Bxb5+ Bd7 16. O-O Bxb5 17. Rfb1 a6 0-1

[Event "AUTO-INT-739"]
[Site "http://www.queenalice.com/game.php?id=330140"]
[Date "2008.1.3"]
[Round "1"]
[White "zoneblitz"]
[Black "adilsinho"]
[Result "1-0"]
[WhiteElo "1856"]
[BlackElo "1358"]

1. e4 e5 2. Nf3 Nc6 3. Bb5 d6 4. d4 Bd7 5. d5 Na5 6. Bxd7+ Qxd7 7. Qe2 Nf6 8. b4
Qg4 9. Nbd2 b6 10. bxa5 Qxg2 11. Qb5+ Nd7 12. Rg1 Qh3 13. Qc6 Rc8 14. Rg3 Qh5
15. Qb7 Rd8 16. Qxc7 bxa5 17. Nc4 Be7 18. Ba3 1-0

[Event "Challenge"]
[Site "http://www.queenalice.com/game.php?id=347584"]
[Date "2008.2.3"]
[Round "-"]
[White "adilsinho"]
[Black "ludy"]
[Result "0-1"]
[WhiteElo "1358"]
[BlackElo "1613"]

1. d4 d5 2. Nc3 Nf6 3. Bg5 Nc6 4. Nf3 Bg4 5. Qd3 Bxf3 6. exf3 Qd6 7. Nb5 Qb4+ 8.
Qc3 Kd7 9. Bd3 Qxc3+ 10. Nxc3 Nxd4 0-1

[Event "Challenge"]
[Site "http://www.queenalice.com/game.php?id=348423"]
[Date "2008.2.4"]
[Round "-"]
[White "DJLeon"]
[Black "adilsinho"]
[Result "1-0"]
[WhiteElo "1481"]
[BlackElo "1402"]

1. d4 d5 2. e3 Nf6 3. Be2 Nc6 4. Nf3 Bg4 5. O-O e6 6. c3 Bd6 7. Qb3 Na5 8. Qa4+
c6 9. b4 Nc4 10. b5 Nb6 11. Qb3 c5 12. h3 c4 13. Qc2 Bxf3 14. Bxf3 Qc7 15. g3
O-O 16. e4 dxe4 17. Bxe4 e5 18. dxe5 Bxe5 19. Be3 Qd7 20. a4 Qxh3 21. Bxb7 Ng4
22. f3 Bxg3 23. fxg4 Rab8 24. Be4 Nd7 25. Qg2 1-0

[Event "Protegei nosso planeta terra!!!!"]
[Site "http://www.queenalice.com/game.php?id=348695"]
[Date "2008.2.5"]
[Round "-"]
[White "jw16js"]
[Black "adilsinho"]
[Result "1-0"]
[WhiteElo "1506"]
[BlackElo "1377"]

1. e4 e5 2. Nh3 h6 3. Nc3 Nc6 4. b3 Nf6 5. Bc4 Na5 6. Bb5 a6 7. Bd3 Bb4 8. Na4
d6 9. a3 Bc5 10. Qf3 Ng4 11. Qg3 Bxf2+ 12. Nxf2 h5 13. Bc4 b5 14. Bd5 h4 15. Qf3
f6 16. Bxa8 bxa4 17. Qc3 Qd7 18. Nxg4 Qxg4 19. Rg1 1-0

[Event "Challenge"]
[Site "http://www.queenalice.com/game.php?id=348885"]
[Date "2008.2.5"]
[Round "-"]
[White "adilsinho"]
[Black "valeriafsouza"]
[Result "0-1"]
[WhiteElo "1457"]
[BlackElo "1805"]

1. d4 Nf6 2. Na3 e6 3. e3 Bxa3 4. bxa3 d5 5. Bb5+ c6 6. Bd3 O-O 7. Qf3 Nbd7 8.
Qh3 e5 9. Bb2 e4 10. Be2 Qb6 11. f3 Qxb2 12. Rd1 Qxc2 13. fxe4 Nxe4 14. Bd3 Qf2#
0-1